000 00410nam a2200205Ia 4500
001 000829
003 YMCAF
005 20230512160036.0
008 100717s1971 ||||||||||||||||| ||und|d
024 _a829
035 _a811
040 _aYMCAF
_beng
_cIN-KoLT
041 _aeng
082 _aNEW-DAV
100 _aDAVE
245 0 _aNEW COLLEGE CONF.
260 _c1971
300 _a774
942 _2ddc
_cBK
999 _c645
_d645